Представление документа в формате MARC21

Поле Инд. ПП Название Значение
Тип записи a
Библиографический уровень m
001 Контрольный номер RU/IS/BASE/453977814
005 Дата корректировки 20241015105337.9
020 a ISBN 978-5-87789-070-1
c Цена, тираж 700000-00
040 b Код языка каталог. rus
041 0_ a Код языка текста rus
080 a Индекс УДК 621.383
084 a Индекс другой классификации/Индекс ББК 32.86
090 a Полочн. индекс 621.383
x Авторский знак С24
c Каталожный индекс 621.383
097 b Оператор 02
245 10 a Заглавие Светодиоды и их применение для освещения
c Ответственность под общ. ред. Ю. Б. Айзенберга
260 a Место издания Москва
b Издательство Знак
c Дата издания 2012
300 a Объем 280 с.
b Иллюстрации/ тип воспроизводства ил.
510 0_ a Примечание о ссылках Книги и методические пособия
650 04 a Основная рубрика 49.44 Световодная связь и аппаратура
x Основная подрубрика 49.44.33 Аппаратура световодной связи
653 0_ a Ключевые слова светодиоды; осветительные приборы
901 t Тип документа m
990 j Количество экземпляров (DOS) 5